Memorias de tiempos de Fernando VII
Gespeichert in:
| 1. Verfasser: | |
|---|---|
| Format: | Buch |
| Sprache: | Spanisch |
| Veröffentlicht: |
Madrid
Atlas
1957
|
| Schriftenreihe: | Biblioteca de Autores Españoles, 97-98
|
| Schlagworte: | |
| Tags: |
Tag hinzufügen
Keine Tags, Fügen Sie den ersten Tag hinzu!
|
MARC
| LEADER | 00000nam a2200000 a 4500 | ||
|---|---|---|---|
| 001 | UCX5615 | ||
| 003 | CL-VaPUC | ||
| 008 | 921201e19570000SP |||||||||||||||||spa|d | ||
| 082 | 0 | 4 | |a 946 |b ART |2 21 |
| 100 | 0 | |a Artola Gallego, Miguel |e author |9 321942 | |
| 245 | 1 | 0 | |a Memorias de tiempos de Fernando VII |
| 300 | |a 2 v | ||
| 942 | |c BK | ||
| 945 | |d 19921201 00:00:00 | ||
| 260 | |a Madrid |b Atlas |c 1957 | ||
| 600 | 0 | 7 | |a FERNANDO VII, REY DE ESPAÑA |2 CL-VaPUC |9 321943 |
| 650 | 7 | |a HISTORIA SIGLO 18-19 |2 CL-VaPUC |9 321944 | |
| 651 | 0 | |a España |9 254926 | |
| 583 | |a last modification |c 19921201 00:00:00 |k Rodrigo Vera | ||
| 490 | 0 | |a Biblioteca de Autores Españoles, 97-98 | |
| 999 | |c 225828 |d 225826 | ||
| 952 | |0 0 |1 0 |4 0 |6 946_000000000000000_ART_1957 |7 0 |8 A |9 223689 |a FDOPOS |b FDOPOS |d 2019-11-15 |h v.1 |i 2925214 |o 946 ART 1957 |p 2925214 |r 2025-01-22 |w 2019-11-15 |y BK |k MLH | ||
| 952 | |0 0 |1 0 |4 0 |6 946_000000000000000_ART_1957 |7 0 |8 A |9 223690 |a FDOPOS |b FDOPOS |d 2019-11-15 |h v.2 |i 2925222 |o 946 ART 1957 |p 2925222 |r 2025-01-22 |w 2019-11-15 |y BK |k MLH | ||